I Have A Dream - ABBA Lyrics (Mamma Mia Movie) - Statistics

General Stats
  • This quiz has been taken 93 times
  • The average score is 170 of 199
Answer Stats
Hint Answer % Correct
a
100%
dream,
100%
dream
100%
have
100%
Pre-chorus | Verse I
100%
to
100%
To
100%
the
99%
me
97%
see
97%
you
97%
You
97%
help
96%
If
96%
if
96%
song
96%
sing
94%
fairy
91%
in
91%
can
90%
future
90%
wonder
90%
of
88%
angels
87%
even
87%
tale
87%
with
87%
believe
85%
everything
85%
fail
85%
cope
82%
for
79%
is
79%
Something
79%
When
79%
anything
76%
good
76%
right
72%
take
72%
cross
70%
time
70%
know
67%
Chorus I'll
66%
through
58%
And
54%
it
54%
stream
54%
reality
51%
fantasy
49%
my
46%
destination
39%
while
39%
darkness
37%
makes
37%
Pushing
31%
worth
30%
still
27%
another
24%
mile
19%
No matching quizzes found
Score Distribution
Percent of People with Each Score
Percentile by Number Answered
Your Score History
You have not taken this quiz